[Event "EYCC 2017"]
[Site "Mamaia"]
[Date "2017.09.05"]
[Round "1"]
[White "Eizaguerri Floris, Maria"]
[Black "Moiseeva, Olesya"]
[Result "1-0"]
[WhiteElo "2098"]
[BlackElo "1757"]
[Annotator "NA RC"]
[PlyCount "49"]
[EventDate "2017.??.??"]
[EventType "swiss"]
[EventCountry "ROU"]
[SourceTitle "playchess.com"]
[Source "ChessBase"]
[SourceQuality "1"]
[TimeControl "40/5400+30:1800+30"]

1. e4 {[%emt 0:00:00]} e5 {[%emt 0:00:00]} 2. Nf3 {[%emt 0:00:03]} Nf6 {[%emt 0:00:00]} 3. Nxe5 {[%emt 0:01:03]} d6 {[%emt 0:00:09]} 4. Nf3 {[%emt 0:00:10]} Nxe4 {[%emt 0:00:07]} 5. Bd3 {[%emt 0:00:40]} Nc5 {[%emt 0:02:18]} 6. Be2 {[%emt 0:05:43]} d5 {[%emt 0:06:27]} 7. d4 {[%emt 0:08:27]} Ne4 {[%emt 0:00:43]} 8. O-O {[%emt 0:03:24]} Bd6 {[%emt 0:00:45]} 9. Bd3 {[%emt 0:01:04]} Be6 {[%emt 0:02:11]} 10. Re1 {[%emt 0:15:18]} f5 {[%emt 0:03:53]} 11. Ng5 {[%emt 0:06:25]} Nxg5 {[%emt 0:04:01]} 12. Bxg5 {[%emt 0:00:17]} Qxg5 {[%emt 0:00:30]} 13. Rxe6+ {[%emt 0:00:12]} Kf7 {[%emt 0:02:01]} 14. Rxd6 {[%emt 0:24:08]} cxd6 {[%emt 0:00:48]} 15. Nc3 {[%emt 0:00:35]} Nc6 {[%emt 0:10:41]} 16. Nxd5 {[%emt 0:02:14]} Rad8 {[%emt 0:04:24]} 17. c3 {[%emt 0:03:23]} Ne7 {[%emt 0:03:35]} 18. Qb3 {[%emt 0:03:31]} Rhe8 {[%emt 0:07:33]} 19. Nc7+ {[%emt 0:04:36]} Kg6 {[%emt 0:01:28]} 20. Nxe8 {[%emt 0:02:26]} Rxe8 {[%emt 0:00:11]} 21. Qe6+ {[%emt 0:04:18]} Qf6 {[%emt 0:00:35]} 22. Bxf5+ {[%emt 0:01:41]} Nxf5 {[%emt 0:01:41]} 23. Qxe8+ {[%emt 0:00:09]} Qf7 {[%emt 0:00:25]} 24. Qxf7+ {[%emt 0:00:37]} Kxf7 {[%emt 0:00:06]} 25. Re1 {[%emt 0:01:20]} 1-0

[Event "EYCC 2017"]
[Site "Mamaia"]
[Date "2017.09.05"]
[Round "1"]
[White "Allahverdiyeva, Ayan"]
[Black "Zavivaeva, Emilia"]
[Result "0-1"]
[WhiteElo "2082"]
[BlackElo "1582"]
[Annotator "NA RC"]
[PlyCount "102"]
[EventDate "2017.??.??"]
[EventType "swiss"]
[EventCountry "ROU"]
[SourceTitle "playchess.com"]
[Source "ChessBase"]
[SourceQuality "1"]
[TimeControl "40/5400+30:1800+30"]

1. e4 {[%emt 0:00:00]} e6 {[%emt 0:00:20]} 2. d3 {[%emt 0:00:00]} d5 {[%emt 0:00:10]} 3. Nd2 {[%emt 0:00:03]} c5 {[%emt 0:00:24]} 4. Ngf3 {[%emt 0:00:09]} Nc6 {[%emt 0:00:13]} 5. g3 {[%emt 0:00:08]} Bd6 {[%emt 0:00:12]} 6. Bg2 {[%emt 0:00:21]} Nge7 {[%emt 0:00:38]} 7. h4 {[%emt 0:00:50]} Bd7 {[%emt 0:00:21]} 8. O-O {[%emt 0:02:34]} O-O {[%emt 0:00:14]} 9. Re1 {[%emt 0:01:14]} Qc7 {[%emt 0:00:45]} 10. Qe2 {[%emt 0:07:19]} f6 {[%emt 0:00:59]} 11. Nf1 {[%emt 0:04:16]} b5 {[%emt 0:02:09]} 12. c3 {[%emt 0:01:14]} c4 {[%emt 0:02:54]} 13. Rd1 {[%emt 0:17:54]} Rad8 {[%emt 0:09:36]} 14. exd5 {[%emt 0:05:11]} exd5 {[%emt 0:00:50]} 15. Ne3 {[%emt 0:00:29]} Rfe8 {[%emt 0:08:08]} 16. Qf1 {[%emt 0:01:19]} Be6 {[%emt 0:01:18]} 17. b3 {[%emt 0:04:14]} cxb3 {[%emt 0:12:27]} 18. axb3 {[%emt 0:00:07]} d4 {[%emt 0:02:12]} 19. cxd4 {[%emt 0:07:06]} Bxb3 {[%emt 0:00:37]} 20. Bb2 {[%emt 0:00:20]} Bxd1 {[%emt 0:00:47]} 21. Qxd1 {[%emt 0:00:05]} Nb4 {[%emt 0:06:19]} 22. Qb3+ {[%emt 0:02:50]} Kh8 {[%emt 0:00:35]} 23. h5 {[%emt 0:11:30]} Ng8 {[%emt 0:05:24]} 24. d5 {[%emt 0:11:10]} a5 {[%emt 0:02:09]} 25. Rc1 {[%emt 0:04:29]} Qf7 {[%emt 0:01:21]} 26. Nd4 {[%emt 0:02:51]} a4 {[%emt 0:09:14]} 27. Qc3 {[%emt 0:02:35]} Na2 {[%emt 0:00:46]} 28. Qc6 {[%emt 0:01:03]} Nxc1 {[%emt 0:00:19]} 29. Ne6 {[%emt 0:00:16]} Ne2+ {[%emt 0:01:29]} 30. Kf1 {[%emt 0:00:04]} Nxg3+ {[%emt 0:02:41]} 31. fxg3 {[%emt 0:00:05]} Rxe6 {[%emt 0:01:41]} 32. dxe6 {[%emt 0:01:43]} Qxe6 {[%emt 0:00:03]} 33. Bd4 {[%emt 0:00:09]} Rc8 {[%emt 0:04:25]} 34. Qd5 {[%emt 0:02:15]} Qd7 {[%emt 0:02:02]} 35. Nf5 {[%emt 0:01:05]} Ne7 {[%emt 0:02:19]} 36. Nxe7 {[%emt 0:01:18]} Qxe7 {[%emt 0:00:21]} 37. Be4 {[%emt 0:00:32]} Be5 {[%emt 0:00:44]} 38. h6 {[%emt 0:02:30]} Bxd4 {[%emt 0:02:13]} 39. Qxd4 {[%emt 0:00:40]} a3 {[%emt 0:01:00]} 40. Qf2 {[%emt 0:00:00]} Rc1+ {[%emt 0:00:43]} 41. Kg2 {[%emt 0:00:37]} Qc5 {[%emt 0:00:15]} 42. hxg7+ {[%emt 0:02:29]} Kxg7 {[%emt 0:00:07]} 43. d4 {[%emt 0:00:03]} Qc4 {[%emt 0:01:35]} 44. Qf5 {[%emt 0:04:07]} Qe2+ {[%emt 0:00:52]} 45. Kh3 {[%emt 0:00:09]} Qf1+ {[%emt 0:00:07]} 46. Qxf1 {[%emt 0:00:27]} Rxf1 {[%emt 0:00:03]} 47. Bd5 {[%emt 0:00:10]} Rh1+ {[%emt 0:00:20]} 48. Kg4 {[%emt 0:00:10]} f5+ {[%emt 0:00:12]} 49. Kxf5 {[%emt 0:00:12]} Rh5+ {[%emt 0:00:11]} 50. Kg4 {[%emt 0:00:11]} Rxd5 {[%emt 0:00:07]} 51. Kh4 {[%emt 0:00:07]} a2 {[%emt 0:00:19]} 0-1

[Event "EYCC 2017"]
[Site "Mamaia"]
[Date "2017.09.05"]
[Round "1"]
[White "Muetsch, Annmarie"]
[Black "Plaza Reino, Mercedes"]
[Result "1-0"]
[WhiteElo "2049"]
[BlackElo "1824"]
[Annotator "NA RC"]
[PlyCount "49"]
[EventDate "2017.??.??"]
[EventType "swiss"]
[EventCountry "ROU"]
[SourceTitle "playchess.com"]
[Source "ChessBase"]
[SourceQuality "1"]
[TimeControl "40/5400+30:1800+30"]

1. e4 {[%emt 0:00:00]} c5 {[%emt 0:00:07]} 2. Nf3 {[%emt 0:00:00]} e6 {[%emt 0:00:06]} 3. d4 {[%emt 0:00:00]} cxd4 {[%emt 0:00:05]} 4. Nxd4 {[%emt 0:00:00]} a6 {[%emt 0:00:05]} 5. Bd3 {[%emt 0:00:03]} Nf6 {[%emt 0:00:50]} 6. O-O {[%emt 0:01:43]} Qc7 {[%emt 0:00:23]} 7. Qe2 {[%emt 0:01:45]} d6 {[%emt 0:02:41]} 8. c4 {[%emt 0:00:27]} Be7 {[%emt 0:01:22]} 9. Nc3 {[%emt 0:01:38]} O-O {[%emt 0:01:22]} 10. Be3 {[%emt 0:06:15]} Nbd7 {[%emt 0:03:02]} 11. f4 {[%emt 0:03:15]} b6 {[%emt 0:04:07]} 12. Rac1 {[%emt 0:03:25]} Bb7 {[%emt 0:03:44]} 13. Bf2 {[%emt 0:03:00]} Rac8 {[%emt 0:04:32]} 14. Kh1 {[%emt 0:05:11]} Rfd8 {[%emt 0:16:04]} 15. b3 {[%emt 0:11:27]} Nc5 {[%emt 0:07:54]} 16. Bb1 {[%emt 0:03:17]} Qb8 {[%emt 0:16:26]} 17. Bh4 {[%emt 0:16:33]} Ncd7 {[%emt 0:08:36]} 18. Nf3 {[%emt 0:06:20]} Re8 {[%emt 0:10:21]} 19. Qe1 {[%emt 0:16:57]} Bf8 {[%emt 0:13:53]} 20. Bxf6 {[%emt 0:10:12]} Nxf6 {[%emt 0:00:16]} 21. e5 {[%emt 0:00:15]} Nd7 {[%emt 0:01:42]} 22. Bxh7+ {[%emt 0:04:25]} Kh8 {[%emt 0:01:33]} 23. Qh4 {[%emt 0:01:22]} Be7 {[%emt 0:00:55]} 24. Qh5 {[%emt 0:00:59]} Nf8 {[%emt 0:00:51]} 25. Bg6+ {[%emt 0:00:05]} 1-0

[Event "EYCC 2017"]
[Site "Mamaia"]
[Date "2017.09.05"]
[Round "1"]
[White "Krasteva, Beloslava"]
[Black "Maciulaityte, Barbora"]
[Result "1-0"]
[WhiteElo "2048"]
[BlackElo "1596"]
[Annotator "NA RC"]
[PlyCount "59"]
[EventDate "2017.??.??"]
[EventType "swiss"]
[EventCountry "ROU"]
[SourceTitle "playchess.com"]
[Source "ChessBase"]
[SourceQuality "1"]
[TimeControl "40/5400+30:1800+30"]

1. d4 {[%emt 0:00:00]} d5 {[%emt 0:00:10]} 2. c4 {[%emt 0:00:00]} c6 {[%emt 0:00:10]} 3. cxd5 {[%emt 0:00:27]} cxd5 {[%emt 0:00:10]} 4. Nf3 {[%emt 0:00:27]} Nf6 {[%emt 0:00:41]} 5. Nc3 {[%emt 0:00:18]} g6 {[%emt 0:00:48]} 6. Bf4 {[%emt 0:05:16]} Bg7 {[%emt 0:01:41]} 7. e3 {[%emt 0:01:31]} O-O {[%emt 0:00:33]} 8. Qb3 {[%emt 0:01:51]} Nc6 {[%emt 0:02:30]} 9. Bd3 {[%emt 0:02:25]} e6 {[%emt 0:06:13]} 10. h3 {[%emt 0:07:19]} a6 {[%emt 0:01:54]} 11. Rc1 {[%emt 0:04:35]} b5 {[%emt 0:12:14]} 12. O-O {[%emt 0:14:40]} Bd7 {[%emt 0:07:13]} 13. a4 {[%emt 0:14:56]} b4 {[%emt 0:11:08]} 14. Na2 {[%emt 0:03:32]} a5 {[%emt 0:00:50]} 15. Bb5 {[%emt 0:01:10]} Qb6 {[%emt 0:01:43]} 16. Rc2 {[%emt 0:03:35]} Rac8 {[%emt 0:06:13]} 17. Rfc1 {[%emt 0:04:06]} Qb7 {[%emt 0:06:03]} 18. Qd3 {[%emt 0:06:33]} Nb8 {[%emt 0:02:58]} 19. Bxd7 {[%emt 0:02:46]} Nbxd7 {[%emt 0:01:11]} 20. b3 {[%emt 0:04:00]} Ne4 {[%emt 0:07:01]} 21. Rc7 {[%emt 0:03:46]} Ndc5 {[%emt 0:02:07]} 22. R7xc5 {[%emt 0:03:47]} Nxc5 {[%emt 0:00:19]} 23. dxc5 {[%emt 0:00:21]} Rfe8 {[%emt 0:06:03]} 24. Bd6 {[%emt 0:01:46]} e5 {[%emt 0:04:40]} 25. Qb5 {[%emt 0:01:08]} Qxb5 {[%emt 0:02:41]} 26. axb5 {[%emt 0:00:08]} e4 {[%emt 0:00:09]} 27. Nd4 {[%emt 0:00:58]} Bf8 {[%emt 0:03:01]} 28. Bxf8 {[%emt 0:00:29]} Kxf8 {[%emt 0:00:08]} 29. c6 {[%emt 0:00:00]} Ke7 {[%emt 0:10:48]} 30. b6 {[%emt 0:01:26]} 1-0

[Event "EYCC 2017"]
[Site "Mamaia"]
[Date "2017.09.05"]
[Round "1"]
[White "Barseghyan, Armen Ar"]
[Black "Gharibyan, Mamikon"]
[Result "0-1"]
[WhiteElo "2020"]
[BlackElo "2365"]
[Annotator "TA"]
[PlyCount "66"]
[EventDate "2017.??.??"]
[EventType "swiss"]
[EventCountry "ROU"]
[SourceTitle "playchess.com"]
[Source "ChessBase"]
[SourceQuality "1"]

{[%evp 11,66,0,27,22,30,0,16,9,12,11,11,11,10,1,19,15,0,0,26,22,33,33,54,48,43,49,58,26,29,19,50,32,98,44,45,-12,-8,-72,-61,-57,-58,-42,-63,-105,-94,-135,-135,-134,-144,-316,-308,-357,-378,-441,-465,-546,-546]} 1. e4 c5 2. d3 Nc6 3. f4 g6 4. Nf3 Bg7 5. g3 d6 6. Bg2 Bg4 7. h3 {B20: Sicilian: Unusual White 2nd moves} (7. c3 Nf6 8. Nbd2 O-O 9. O-O b5 10. h3 Bxf3 11. Nxf3 Rc8 12. a3 a5 13. Qe1 b4 14. axb4 axb4 15. g4 bxc3 16. bxc3 {½-½ (52) Movsesian,S (2718)-Yu,Y (2527) Khanty-Mansiysk 2009}) 7... Bxf3 8. Bxf3 (8. Qxf3 {is more complex.} e6 9. c3 Nge7 10. Be3 O-O 11. O-O) 8... Qd7 9. Bg2 {The position is equal.} e6 10. O-O Nge7 11. c3 $146 ({Predecessor:} 11. Nd2 O-O 12. c3 d5 13. Qe1 b5 14. e5 f6 {0-1 (43) Clemens,C (2355)-Geveke,M (2279) Germany 2001}) 11... O-O 12. Be3 Rab8 13. d4 cxd4 14. cxd4 Qc7 15. Qd2 d5 16. e5 b5 17. Nc3 Rfc8 18. Rfc1 Qb6 19. Ne2 a5 20. b3 a4 21. g4 f5 (21... b4 $14) 22. exf6 (22. b4 $16) 22... Bxf6 $14 23. Rd1 ({Better is} 23. Bf2 $14) 23... Qa5 $11 24. f5 (24. Nc3 $11) 24... Qxd2 $17 25. Rxd2 gxf5 26. g5 Bg7 27. Bf4 Ra8 {[#] ...axb3 is the strong threat.} 28. Rc1 axb3 29. axb3 Kf7 30. Bd6 $2 {[#]} (30. Kf2 $17) 30... Nxd4 $1 $19 {[%mdl 512]} 31. Rxc8 (31. Rxd4 Rxc1+) 31... Nxc8 32. Nxd4 {aiming for Bc5.} Nxd6 33. Nxe6 Ra1+ {Precision: White = 36%, Black = 47%.} 0-1

[Event "EYCC 2017"]
[Site "Mamaia"]
[Date "2017.09.05"]
[Round "1"]
[White "Padurariu, Mihai-Edward"]
[Black "Gavrilescu, David"]
[Result "0-1"]
[WhiteElo "2015"]
[BlackElo "2359"]
[Annotator "TA"]
[PlyCount "106"]
[EventDate "2017.??.??"]
[EventType "swiss"]
[EventCountry "ROU"]
[SourceTitle "playchess.com"]
[Source "ChessBase"]
[SourceQuality "1"]

{[%evp 9,106,7,2,1,6,14,4,-6,27,29,130,106,143,67,83,10,14,26,22,12,18,-39,-33,-238,-234,-226,-233,-223,-181,-189,-200,-239,-242,-282,-291,-296,-297,-280,-294,-281,-272,-275,-283,-284,-279,-284,-277,-291,-283,-297,-299,-332,-325,-331,-332,-322,-324,-307,-279,-270,-262,-268,-262,-307,-283,-312,-297,-295,-290,-285,-283,-325,-320,-322,-310,-315,-302,-335,-332,-342,-348,-334,-270,-481,-455,-478,-473,-466,-450,-441,-434,-706,-706,-6311,-6295,-6290,-6279,-6079,-5269]} 1. e4 c5 2. Nf3 e6 3. g3 Nf6 4. e5 Ng4 $146 ({Predecessor:} 4... Nd5 5. Bg2 Nc6 6. O-O d6 7. exd6 Bxd6 8. d4 O-O 9. c4 Nb6 10. dxc5 Bxc5 11. Qe2 e5 12. Nc3 Bg4 13. Be3 Bxe3 14. fxe3 Qe7 15. h3 {1-0 (56) Gharamian,T (2626)-Vocaturo,D (2600) Bastia 2016}) 5. h3 Nh6 6. Bg2 {B40: Sicilian: 2...e6, Unusual lines} Nc6 7. O-O Nf5 8. d3 {The position is equal.} Qc7 9. Re1 g6 (9... Be7 $11) 10. c3 Bg7 {[%cal Rc6e5]} 11. d4 (11. Bf4 $16) 11... O-O 12. b3 ({But not} 12. dxc5 $6 Nxe5 13. Nxe5 Bxe5 $11) (12. Bf4 $16) 12... cxd4 $11 13. cxd4 d6 {[%cal Rd6e5]} 14. Ba3 {White wants to play g4.} Rd8 {[%cal Rd6e5]} 15. g4 {[#]} ({White should play} 15. Qc1 $11) 15... Nfxd4 $1 $15 {[%mdl 512]} 16. Nxd4 $2 (16. Bxd6 $15 Nxf3+ 17. Bxf3) 16... dxe5 $19 17. Nd2 {aiming for Nxc6.} exd4 ({Don't play} 17... Rxd4 18. Bb2 $17) ({Resist} 17... Nxd4 18. Rc1) 18. Rc1 d3 19. Bc5 Qa5 20. a3 Nd4 21. Bxd4 Bxd4 22. Nc4 Qg5 23. Qd2 Qxd2 24. Nxd2 Bb2 25. Rb1 Bxa3 26. b4 a5 27. bxa5 Rxa5 28. Nc4 Ra7 29. Red1 Bc5 30. Bf1 Ra2 31. Rb2 Rxb2 32. Nxb2 d2 33. Nd3 Bd4 {White must now prevent ...Bc3.} 34. Rxd2 Rd6 35. Rc2 Bd7 36. Bg2 b6 {[%cal Bb7b6,Bb6b5,Bb5b4,Bb4b3,Bb3b2][%mdl 32]} 37. Nb2 Bc5 38. Bf1 Rd4 39. Nd3 Bd6 40. Rb2 b5 41. f3 Ba3 42. Rb1 b4 43. Kf2 Ba4 44. Ke3 Rc4 45. Be2 Kf8 46. Bd1 $2 (46. Kf2 {was necessary.}) 46... Bxd1 {Black is clearly winning.} 47. Rxd1 {[%mdl 4096] Endgame KRB-KRN} b3 48. Rb1 {[#]} b2 $1 49. Kd2 (49. Nxb2 Rb4) 49... Ke7 50. Nxb2 (50. g5 $142 Rh4 51. Nxb2) 50... Rb4 51. Kc2 Rxb2+ 52. Rxb2 Bxb2 53. Kxb2 Kf6 {Precision: White = 45%, Black = 76%.} 0-1

[Event "EYCC 2017"]
[Site "Mamaia"]
[Date "2017.09.05"]
[Round "1"]
[White "Bulatova, Kamaliya"]
[Black "Shehzad, Alisha"]
[Result "1-0"]
[WhiteElo "2014"]
[BlackElo "1595"]
[Annotator "NA RC"]
[PlyCount "87"]
[EventDate "2017.??.??"]
[EventType "swiss"]
[EventCountry "ROU"]
[SourceTitle "playchess.com"]
[Source "ChessBase"]
[SourceQuality "1"]
[TimeControl "40/5400+30:1800+30"]

1. d4 {[%emt 0:00:00]} d5 {[%emt 0:00:06]} 2. Bf4 {[%emt 0:00:00]} Nf6 {[%emt 0:00:26]} 3. e3 {[%emt 0:00:00]} c5 {[%emt 0:02:20]} 4. c3 {[%emt 0:00:00]} e6 {[%emt 0:03:01]} 5. Nd2 {[%emt 0:00:43]} Nc6 {[%emt 0:01:28]} 6. Ngf3 {[%emt 0:00:50]} Bd6 {[%emt 0:02:08]} 7. Bg3 {[%emt 0:00:18]} O-O {[%emt 0:01:09]} 8. Bd3 {[%emt 0:00:19]} b6 {[%emt 0:01:54]} 9. Qe2 {[%emt 0:01:08]} a6 {[%emt 0:03:05]} 10. e4 {[%emt 0:03:57]} dxe4 {[%emt 0:17:08]} 11. Nxe4 {[%emt 0:00:15]} Be7 {[%emt 0:02:10]} 12. Nxf6+ {[%emt 0:01:09]} gxf6 {[%emt 0:11:07]} 13. Qe4 {[%emt 0:00:29]} f5 {[%emt 0:02:03]} 14. Qxc6 {[%emt 0:00:30]} Bd7 {[%emt 0:06:28]} 15. Qc7 {[%emt 0:03:32]} Qxc7 {[%emt 0:02:52]} 16. Bxc7 {[%emt 0:00:02]} b5 {[%emt 0:01:06]} 17. Bf4 {[%emt 0:02:27]} c4 {[%emt 0:03:18]} 18. Bc2 {[%emt 0:00:51]} Bc6 {[%emt 0:01:54]} 19. Ne5 {[%emt 0:04:12]} Bb7 {[%emt 0:04:45]} 20. Rg1 {[%emt 0:03:55]} h5 {[%emt 0:02:22]} 21. Bd1 {[%emt 0:00:47]} h4 {[%emt 0:01:14]} 22. g4 {[%emt 0:00:25]} hxg3 {[%emt 0:04:05]} 23. Rxg3+ {[%emt 0:00:13]} Kh7 {[%emt 0:01:39]} 24. Bh5 {[%emt 0:01:58]} Rg8 {[%emt 0:03:39]} 25. Bxf7 {[%emt 0:00:47]} Rxg3 {[%emt 0:05:17]} 26. hxg3 {[%emt 0:01:16]} Bd5 {[%emt 0:01:26]} 27. Ke2 {[%emt 0:02:57]} Kg7 {[%emt 0:01:50]} 28. g4 {[%emt 0:01:18]} fxg4 {[%emt 0:01:55]} 29. Rg1 {[%emt 0:00:07]} Bf6 {[%emt 0:05:59]} 30. Rxg4+ {[%emt 0:00:14]} Kf8 {[%emt 0:02:34]} 31. Bh5 {[%emt 0:04:16]} Ke7 {[%emt 0:01:32]} 32. Rg6 {[%emt 0:01:38]} Rh8 {[%emt 0:01:37]} 33. Bf3 {[%emt 0:00:44]} Bxf3+ {[%emt 0:00:53]} 34. Nxf3 {[%emt 0:00:06]} Rh1 {[%emt 0:00:52]} 35. Rg1 {[%emt 0:00:32]} Rh8 {[%emt 0:00:40]} 36. Ne5 {[%emt 0:01:02]} Rc8 {[%emt 0:01:15]} 37. Rh1 {[%emt 0:00:12]} Kf8 {[%emt 0:00:59]} 38. Nd7+ {[%emt 0:00:28]} Kf7 {[%emt 0:00:15]} 39. Nxf6 {[%emt 0:01:08]} Kxf6 {[%emt 0:00:08]} 40. Be5+ {[%emt 0:00:00]} Kg6 {[%emt 0:00:22]} 41. Rg1+ {[%emt 0:00:16]} Kf5 {[%emt 0:00:29]} 42. Rg7 {[%emt 0:00:19]} Rc6 {[%emt 0:00:30]} 43. Ke3 {[%emt 0:00:16]} Rb6 {[%emt 0:00:50]} 44. f4 {Ke4+ Kxe4} 1-0

[Event "EYCC 2017"]
[Site "Mamaia"]
[Date "2017.09.05"]
[Round "1"]
[White "Grigoryan, Arpine"]
[Black "Schneider, Jana"]
[Result "1/2-1/2"]
[WhiteElo "2011"]
[BlackElo "2275"]
[Annotator "TA"]
[PlyCount "119"]
[EventDate "2017.??.??"]
[EventType "swiss"]
[EventCountry "ROU"]
[SourceTitle "playchess.com"]
[Source "ChessBase"]
[SourceQuality "1"]

{[%evp 23,119,29,0,6,26,21,29,24,5,6,6,8,16,4,16,0,0,0,0,-53,-66,-76,-78,-91,-75,-75,-70,-70,-59,-72,-72,-65,-42,-39,-17,-20,0,0,0,-101,-89,-104,-105,-112,-104,-95,-36,-41,-67,-67,-67,-133,-126,-118,0,0,0,0,180,0,0,0,0,0,0,0,0,0,0,0,0,0,0,0,0,0,0,0,0,0,0,0,0,0,0,0,0,0,0,0,0,0,0,0,0,0,0,-17]} 1. e4 e6 2. d4 d5 3. Nd2 c5 4. exd5 Qxd5 5. Ngf3 cxd4 6. Bc4 Qd6 7. O-O Nf6 8. Nb3 Nc6 9. Nbxd4 Nxd4 10. Qxd4 Qxd4 11. Nxd4 Bd7 12. Be2 Rc8 13. c4 {C07: French Tarrasch: 3...c5, 4 Ngf3 and 4 exd5 Qxd5} Bd6 {[#]} (13... Bc5 $5 {[%cal Rc5d4]} 14. Nb3 Bb6 $11) 14. Be3 $146 ({Predecessor:} 14. b3 O-O 15. Rd1 Rfe8 16. Bb2 Bb8 17. Bf3 e5 18. Nc2 b5 19. Ne3 bxc4 20. Nxc4 Bc6 21. Bxc6 Rxc6 {½-½ (42) Motylev,A (2552)-Zontakh,A (2576) Niksic 2000}) 14... b6 15. a4 {White has an edge.} a5 16. Nb5 Bxb5 17. axb5 Nd7 18. Rfd1 (18. Rad1 $5 {[%cal Rd1d6]} Ke7 19. g3 $14) 18... Ke7 19. Rab1 Rhd8 20. Kf1 Bc5 21. Bxc5+ (21. Bd2 $11) 21... Nxc5 $15 22. Rxd8 Rxd8 $11 {[%mdl 4096] Endgame KRB-KRN} 23. b4 Ne4 24. Ke1 {next bxa5 is good for White.} axb4 25. f3 Nf6 (25... Nc5 {is interesting.} 26. Rxb4 Ra8 27. Rb1 e5 28. Rd1 g6) 26. Rxb4 Ra8 $1 27. Rb2 Kd6 28. Rd2+ Kc5 29. Kf2 Rc8 30. Ke3 Ne8 31. Rd7 (31. Ra2 $1 $11) 31... Rc7 $1 $17 {[%cal Rc7d7]} 32. Rxc7+ Nxc7 {KB-KN} 33. Kd3 e5 34. g4 Ne6 (34... Ne8 $17) 35. Ke4 $15 f6 36. h4 Kd6 37. Ke3 (37. h5 $15) 37... Nf4 $17 38. Bf1 {[#]} h6 (38... g6 $1 $17) 39. h5 $11 Ne6 40. Ke4 Ng5+ $2 {[#]} (40... Nf4 $11 {and Black stays safe.}) 41. Ke3 $2 (41. Kf5 $1 $18) 41... Kc5 {The position is equal.} 42. Bd3 Nf7 43. f4 $1 Nd6 44. fxe5 fxe5 45. Be2 $1 e4 46. Bf1 $1 Nxc4+ 47. Bxc4 Kxc4 48. Kxe4 {Threatens to win with Kf5.} Kxb5 {K3P-KPP} 49. Kf5 $1 {[%cal Rf5g6] Hoping for Kg6.} Kc4 50. Kg6 b5 51. Kxg7 {g5 is the strong threat. KPP-KPP} b4 52. g5 hxg5 {KPP-KP} 53. h6 {And now h7 would win.} b3 {Strongly threatening ...b2.} 54. h7 b2 55. h8=Q b1=Q {( -> ...Qb2+)} 56. Qc8+ Kb3 57. Qb7+ Ka2 58. Qa8+ Kb2 59. Qg2+ Qc2 (59... Ka3 $5 {[%cal Rb1b2]} 60. Qxg5 Qb7+ 61. Kf6 Qc6+ 62. Kf7 Kb4 $11) 60. Qg1 {Precision: White = 60%, Black = 61%.} 1/2-1/2

[Event "EYCC 2017"]
[Site "Mamaia"]
[Date "2017.09.05"]
[Round "1"]
[White "Ghimpu, Samuel-Timotei"]
[Black "Isik, Alparslan"]
[Result "1/2-1/2"]
[WhiteElo "2001"]
[BlackElo "2336"]
[Annotator "TA"]
[PlyCount "145"]
[EventDate "2017.??.??"]
[EventType "swiss"]
[EventCountry "ROU"]
[SourceTitle "playchess.com"]
[Source "ChessBase"]
[SourceQuality "1"]

{[%evp 19,145,1,11,8,23,7,15,15,45,31,54,52,77,73,83,81,69,64,65,68,87,54,60,54,36,44,47,41,46,45,49,47,48,12,25,20,41,27,34,0,0,0,0,0,0,0,0,0,0,0,0,0,0,0,55,54,50,37,37,37,67,-64,-58,-122,-122,-122,-119,-130,36,27,28,-121,-122,-122,-110,-114,-112,-136,-101,-107,-120,-102,-97,-114,-68,-135,-141,-329,-328,-569,-568,-470,-353,-456,-451,-408,-531,-556,-443,-551,-558,-518,-472,-422,-399,-303,-15,-17,-21,-193,-211,-270,-8,-225,-8,-8,-8,-8,-8,-8,-8,-8,-8,-8,0,0,0,0]} 1. d4 Nf6 2. c4 g6 3. Nc3 Bg7 4. e4 d6 5. Nf3 O-O 6. Be2 e5 7. dxe5 dxe5 8. Bg5 Nbd7 {[%cal Bb8d7,Bd7c5,Bc5e6,Be6f4][%mdl 32]} 9. h3 c6 10. O-O Qc7 {LiveBook: 3 Games} 11. Qc2 {E92: King's Indian: Classical: 6 Be2 e5: 7 dxe5, 7 Be3 and Petrosian System without 7...Nbd7} (11. b4 Re8 12. Qb3 Nf8 13. c5 Ne6 14. Be3 Nd4 15. Nxd4 exd4 16. Bxd4 Nxe4 17. Bxg7 Kxg7 18. Nxe4 Rxe4 19. Bf3 Re7 20. Rfe1 Be6 21. Qc3+ {½-½ (21) Hosek,M (2276)-Fajman,P (2231) Czech Republic 2016}) 11... Nc5 12. Rfd1 (12. Be3 $5 {[%cal Re3c5]} Ne6 13. Rad1 $11) 12... Ne6 13. Be3 Nf4 14. Bf1 $146 ({Find the theoretical novelty and annotate with similar games:} 14. Bc5 Bxh3 15. Bxf8 Bxg2 16. Bxg7 Kxg7 {0-1 (44) Thomas,D-Marianidis,D (1943) Athens 2008}) 14... Be6 15. Kh2 Nd7 16. g3 Nh5 17. Ng5 Rfe8 18. Nxe6 Rxe6 19. c5 Ree8 20. Rd2 Nf8 21. Rad1 Bf6 22. Bc4 Ng7 23. Qb3 Rad8 24. Qa3 a6 25. Ne2 Nge6 26. Qc3 Rxd2 27. Rxd2 Rd8 28. Rxd8 Qxd8 29. Qd3 Qa5 30. Qc3 Qxc3 31. Nxc3 Bg5 32. Bxg5 Nxg5 $11 {[%mdl 4096] Endgame KBN-KNN} 33. Kg2 Nge6 34. b4 Nd4 35. Bd3 Nfe6 36. Na4 Nc7 (36... Kg7 $11) 37. Nb6 $14 f6 38. a4 a5 39. bxa5 Nde6 40. Nc8 (40. Bc4 $14) 40... Nxc5 $15 41. a6 (41. Bc2 $15) 41... N7xa6 $17 42. Bxa6 Nxa6 {KN-KN} 43. a5 Nc5 $2 (43... Kf7 $17 44. Kf3 Ke6) 44. Nd6 $14 {[%mdl 1024] White has compensation.} Kf8 {[#] And now ...Ke7 would win.} 45. Kf3 (45. Nxb7 $1 $11 {[%mdl 512] was the only way to keep the balance.} Na6 (45... Nxb7 46. a6) 46. Nd6) 45... Ke7 $17 46. Nc4 Kd7 47. Ke3 Kc7 48. f4 Nd7 49. Kd3 b5 50. axb6+ Nxb6 51. Ne3 Kd6 52. h4 ({White should play} 52. f5 $1 $15) 52... Nd7 53. Kc4 $2 (53. Ke2 $17) 53... Nc5 $19 54. f5 $2 (54. fxe5+ {was called for.} fxe5 55. g4) 54... Nxe4 55. g4 Kd7 56. Kd3 Nd6 57. fxg6 hxg6 58. h5 gxh5 59. gxh5 Ke6 60. h6 f5 61. h7 Nf7 62. Nc4 Kf6 $2 {[#]} (62... f4 $19 {...c5 is the strong threat.} 63. Kc3 Kf6) 63. Nd6 $1 $11 {[%cal Rd6f7][%mdl 512]} Nh8 {Strongly threatening ...Ng6.} (63... Nxd6 64. h8=Q+) 64. Ke3 $2 (64. Kc4 $1 $11 {and White is okay.}) 64... Ng6 65. Kf3 {[#]} f4 $2 ({Better is} 65... Ke6 $1 $19 {[%cal Re6d6]} 66. Nc4 c5) 66. Ne4+ $2 {[#]} (66. Nb7 $1 $11) 66... Kg7 $2 (66... Kf5 $1 $19 {Threatens to win with ...Nh8.} 67. Nd6+ Ke6) 67. Ng5 $1 {The position is equal.} Kh6 (67... Kh8 $5 {[%cal Rc6c5]}) 68. Kg4 c5 {Hoping for ...c4.} (68... e4 $5 69. Nxe4 Kxh7 $17) 69. Ne6 $1 Kxh7 70. Nxc5 Kh6 71. Nd3 e4 (71... Kg7 $5 {[%cal Rg7f6]} 72. Nxe5 Nxe5+ 73. Kxf4 $11) 72. Nxf4 Ne5+ 73. Kf5 {Precision: White = 43%, Black = 52%.} 1/2-1/2